[Event "Universiad Men 27th"]
[Site "Kazan"]
[Date "2013.07.10"]
[Round "3"]
[White "Galmandakh, Badrakh"]
[Black "Giron Chavez, David Emanuel"]
[Result "1-0"]
[WhiteElo "2203"]
[BlackElo "2062"]
[PlyCount "91"]
[EventDate "2013.07.09"]
[EventType "swiss"]
[EventRounds "9"]
[EventCountry "RUS"]
[SourceTitle "EXT 2014"]
[Source "ChessBase"]
[SourceDate "2013.11.20"]
[SourceVersion "1"]
[SourceVersionDate "2013.11.20"]
[SourceQuality "1"]

1. c4 Nf6 2. Nc3 c5 3. g3 e6 4. Bg2 Be7 5. Nf3 0-0 6. 0-0 d5 7. cxd5 exd5 8. d4 c4 9. b3 cxb3 10. Qxb3 Nc6 11. Ba3 Bxa3 12. Qxa3 Rb8 13. Ne5 Qe7 14. Qxe7 Nxe7 15. Rab1 Be6 16. Rb3 Rfc8 17. e3 Ne4 18. Nb1 Rc7 19. Nd3 Rbc8 20. Nf4 Nd6 21. Nxe6 fxe6 22. Bh3 Kf7 23. Nd2 Kf6 24. e4 dxe4 25. f3 Rc1 26. fxe4+ Rxf1+ 27. Kxf1 Rc1+ 28. Ke2 e5 29. dxe5+ Kxe5 30. Nf3+ Kxe4 31. Re3+ Kd5 32. Rxe7 Rc2+ 33. Kd3 Rf2 34. Ke3 Rb2 35. Be6+ Kc5 36. Rxg7 a5 37. Rxh7 b5 38. Ne5 Nc4+ 39. Nxc4 bxc4 40. Rh5+ Kb4 41. Rh4 Ka3 42. Bxc4 a4 43. Bd5 Rc2 44. g4 Rc5 45. Kd4 Rb5 46. g5 1-0